000 00533nam a2200157 i 4500
001 80422
003 ES-MaACL
005 20230906174218.0
007 t|
008 041028s1970 sp ||||1| spa d
100 1 _aHijas Palacios, José.
_963663
245 1 0 _aPasado, presente y futuro de la Ley orgánica del poder judicial
_b: discurso, el 15 de septiembre de 1970 /
_cJosé Hijas Palacios.
260 _aMadrid :
_bPresidencia del Tribunal Supremo,
_c1970.
300 _a171 p. ;
_c24 cm.
852 _aES-MaACL
_jC-37978
_bR.74622
999 _c80422
_d80422